000
00310nam a2200133Ia 4500
008
100328s9999 xx 000 0 und d
082
_b
56633
100
_a
Roberts Nora
245
_a
Heart Of The Sea
260
_b
Berkley Pub.
630
_a
Heart Of The Sea
730
_a
Heart Of The Sea
942
_c
BOOK
999
_c
543158
_d
543155